| 000 | 00883nam a2200241 a 4500 | ||
|---|---|---|---|
| 001 | 56916 | ||
| 003 | BD-RjUL | ||
| 005 | 20211209080441.0 | ||
| 008 | 161204s1995 bgt||||| |||| 00| 0 ben d | ||
| 020 | _c: TK 70.00 | ||
| 035 | _a(BD-RjUL)57040 | ||
| 040 |
_aBD-RjUL _bben _cBD-RjUL |
||
| 041 | _aben | ||
| 082 |
_223 _a178 _bGAM 195 |
||
| 100 |
_aগোল্ড, মার্ক এস. _9169176 |
||
| 245 | 1 | 0 |
_aমাদকদ্রব্য ও মদবিষয়ক তথ্যাবলি / _cমার্ক এস. গোল্ড |
| 260 |
_aঢাকা : _bবাংলা একাডেমী, _c১৯৯৫ |
||
| 300 |
_a১২৪ পৃ. ; _c২১ সেমি. |
||
| 650 |
_aধর্মনীতি _9169177 |
||
| 650 |
_aConsumption _9169178 |
||
| 700 |
_aরহমান, মিজানুর, অনুবাদ _9169179 |
||
| 942 |
_2ddc _cBK |
||
| 999 |
_c56916 _d56916 |
||